Juan de Mariana, cantor de España / (Record no. 97824)

MARC details
000 -LEADER
campo de control de longitud fija 00848nam a2200241 i 4500
001 - NÚMERO DE CONTROL
campo de control 97824
003 - IDENTIFICADOR DE NÚMERO DE CONTROL
campo de control ES-MaACL
005 - FECHA Y HORA DE LA ÚLTIMA TRANSACCIÓN
campo de control 20240512063035.0
007 - CAMPO FIJO DE DESCRIPCIÓN FÍSICA--INFORMACIÓN GENERAL
campo de control de longitud fija t|
008 - DATOS DE LONGITUD FIJA--INFORMACIÓN GENERAL
campo de control de longitud fija 050719s1938 zzz ||||1| spa d
100 1# - ENTRADA PRINCIPAL--NOMBRE DE PERSONA
Nombre de persona Mariana, Juan de,
Fechas asociadas al nombre 1536-1624
9 (RLIN) 76675
245 10 - MENCIÓN DEL TÍTULO
Título Juan de Mariana, cantor de España /
Mención de responsabilidad, etc. (selección y estudio de Manuel Ballesteros Gaibrois).
260 ## - PUBLICACIÓN, DISTRIBUCIÓN, ETC.
Lugar de publicación, distribución, etc. [S.l.] :
Nombre del editor, distribuidor, etc. Ediciones Fe,
Fecha de publicación, distribución, etc. 1938.
300 ## - DESCRIPCIÓN FÍSICA
Extensión 239 p., 1 lám. ;
Dimensiones 17 cm.
490 1# - MENCIÓN DE SERIE
Mención de serie Breviarios del Pensamiento Español ;
Designación de volumen o secuencia 1
500 ## - NOTA GENERAL
Nota general Retr. del autor.
651 #4 - PUNTO DE ACCESO ADICIONAL DE MATERIA--NOMBRE GEOGRÁFICO
Nombre geográfico España-
Subdivisión general Historia.
9 (RLIN) 8209
651 #4 - PUNTO DE ACCESO ADICIONAL DE MATERIA--NOMBRE GEOGRÁFICO
Nombre geográfico España-
Subdivisión general Usos y costumbres.
9 (RLIN) 8515
700 1# - ENTRADA AGREGADA--NOMBRE PERSONAL
Nombre de persona Ballesteros Gaibrois, Manuel,
Fechas asociadas al nombre 1911-2002
9 (RLIN) 25056
830 0# - PUNTO DE ACCESO ADICIONAL DE SERIE-TÍTULO UNIFORME
Título uniforme Breviarios del Pensamiento Español ;
Designación de volumen o secuencia 1
9 (RLIN) 180739
852 ## - LOCALIZACIÓN
Ubicación ES-MaACL
Número de control de estantería B-9738
Sublocalización o colección R.18516
Holdings
Estatus retirado Estado de pérdida Estado de daño No para préstamo Biblioteca de origen Biblioteca actual Ubicación en estantería Fecha de adquisición Fuente de adquisición Total de préstamos Signatura topográfica completa Código de barras Visto por última vez Precio de reemplazo Tipo de ítem Koha
        Biblioteca del Ateneo de Madrid Biblioteca del Ateneo de Madrid Sala Pardo Bazán 17/01/2008     B-9738 1102114 23/02/2023 23/02/2023 Libro impreso